000 00639nam a2200229 i 4500
001 C2-0312173
003 PPAK
005 20180728103954.0
008 110822s xxu |||| ||||| | eng d
020 _a0939791560
040 _aPPAK
_beng
_cPPAK
_erda
082 0 4 _a425
_223
090 0 0 _a425
_bPEN
_dLCK
100 1 _aPennington, Martha C.,
_eauthor
245 1 0 _aNew Ways in Teaching Grammar.
264 1 _aUnited States :
_bPantagraph Printing, Bloomington, illinois ,
300 _aiv, 231 pages ; ;
_c21 cm
336 _2rdacontent
_atext
337 _2rdamedia
_aunmediated
338 _2rdacarrier
_avolume
942 _ddc
_cB
999 _c114269
_d114269